[Event "Orsha op-A 22nd"]
[Site "Orsha"]
[Date "2024.01.22"]
[Round "2"]
[White "Stupak, Kirill"]
[Black "Taran, Egor A"]
[Result "1-0"]
[WhiteElo "2416"]
[BlackElo "1678"]
[PlyCount "63"]
[EventDate "2024.01.22"]
[EventType "swiss"]
[EventRounds "9"]
[EventCountry "BLR"]
[SourceTitle "CB05_2024"]
[SourceDate "2024.01.31"]
[SourceVersion "1"]
[SourceVersionDate "2024.01.31"]
[SourceQuality "1"]

1. d4 d5 2. c4 c6 3. Nf3 Nf6 4. g3 Bf5 5. Bg2 e6 6. 0-0 h6 7. Nc3 Be7 8. Qb3 Qb6 9. c5 Qxb3 10. axb3 Na6 11. Ne5 Nd7 12. Nxc6 bxc6 13. Rxa6 Nb8 14. Ra3 0-0 15. e4 Bg6 16. b4 Nd7 17. exd5 cxd5 18. b5 Bf6 19. Be3 Rfb8 20. Rfa1 Bd3 21. b6 Nxb6 22. cxb6 a6 23. Nxd5 exd5 24. Rxd3 Rxb6 25. Bxd5 Rd8 26. Bc4 Rxb2 27. Rxa6 Rb4 28. Rc6 g5 29. Rc7 Kg7 30. Bxf7 Be5 31. dxe5 Rxd3 32. Bc4+ 1-0

[Event "Belgrade Serbia op"]
[Site "Belgrade"]
[Date "2023.07.24"]
[Round "9"]
[White "Phatak, Aanjaneya"]
[Black "Taran, Egor A"]
[Result "1-0"]
[WhiteElo "2040"]
[BlackElo "1741"]
[PlyCount "67"]
[EventDate "2023.07.16"]
[EventType "swiss"]
[EventRounds "9"]
[EventCountry "SRB"]
[SourceTitle "EXT 2024"]
[Source "ChessBase"]
[SourceDate "2023.10.10"]
[SourceVersion "1"]
[SourceVersionDate "2023.10.10"]
[SourceQuality "1"]

1. e4 c5 2. Nf3 g6 3. d4 cxd4 4. Nxd4 Bg7 5. c4 Nc6 6. Be3 Nf6 7. Nc3 d6 8. Be2 0-0 9. 0-0 Bd7 10. Qd2 Nxd4 11. Bxd4 Bc6 12. f3 a5 13. b3 Nd7 14. Bf2 Nc5 15. Rab1 Qd7 16. Bd1 Qe6 17. Re1 Rfc8 18. Bc2 Na6 19. a3 a4 20. Nd5 Bxd5 21. exd5 Qf6 22. Qe2 Bf8 23. Red1 axb3 24. Rxb3 Nc5 25. Bd4 Qg5 26. Re3 Rc7 27. g3 Qh5 28. Rf1 Re8 29. g4 Qh4 30. f4 e5 31. fxe5 dxe5 32. Rxe5 Rxe5 33. Qxe5 Qxg4+ 34. Kh1 1-0